[Event "FIDE World Blitz 2014"]
[Site "Dubai UAE"]
[Date "2014.06.19"]
[Round "6.38"]
[White "Zhigalko, Sergei"]
[Black "Salem, A.R. Saleh"]
[Result "0-1"]
[WhiteTitle "GM"]
[BlackTitle "GM"]
[WhiteElo "2678"]
[BlackElo "2581"]
[WhiteFideId "13502956"]
[BlackFideId "9301348"]
[EventDate "2014.06.19"]

1. e4 e5 2. Nf3 Nc6 3. Bc4 Bc5 4. O-O Nf6 5. d3 d6 6. c3 a6 7. Bb3 Ba7 8. Be3
O-O 9. Nbd2 h6 10. Re1 Ne7 11. Bxa7 Rxa7 12. d4 Ng6 13. Nf1 Ra8 14. Ng3 Nh7 15.
dxe5 dxe5 16. Qxd8 Rxd8 17. Rad1 Bg4 18. Rxd8+ Rxd8 19. Bd1 Ng5 20. b4 Nf4 21.
Kf1 Bxf3 22. Bxf3 Nxf3 23. gxf3 Rd2 24. Ne2 Nd3 25. Ra1 g5 26. a4 Kg7 27. a5 Kg6
28. Rb1 c6 29. Ra1 Kh5 30. Rb1 Kh4 31. c4 Kh3 32. b5 cxb5 33. cxb5 g4 34. fxg4
Kxg4 35. bxa6 bxa6 36. Rb6 Rd1+ 37. Kg2 Ne1+ 38. Kf1 Nf3+ 39. Kg2 Nh4# 0-1

[Event "FIDE World Blitz 2014"]
[Site "Dubai UAE"]
[Date "2014.06.19"]
[Round "6.39"]
[White "Mchedlishvili, Mikheil"]
[Black "Glek, Igor"]
[Result "1/2-1/2"]
[WhiteTitle "GM"]
[BlackTitle "GM"]
[WhiteElo "2632"]
[BlackElo "2438"]
[WhiteFideId "13600966"]
[BlackFideId "4100484"]
[EventDate "2014.06.19"]

1. d4 e6 2. c4 f5 3. g3 Nf6 4. Bg2 Be7 5. Nf3 O-O 6. O-O d6 7. Nc3 Ne4 8. Qc2
Nxc3 9. bxc3 Nc6 10. Rb1 e5 11. Rd1 e4 12. Nd2 Qe8 13. Ba3 Kh8 14. c5 dxc5 15.
Bxc5 Bxc5 16. dxc5 Ne5 17. Nb3 b6 18. c4 Be6 19. cxb6 axb6 20. c5 b5 21. Qc3 Bc4
22. Rb2 Nc6 23. Nd4 Nxd4 24. Qxd4 Rxa2 25. Rxa2 Bxa2 26. Ra1 Bc4 27. e3 Qe7 28.
Rd1 h6 29. h4 Re8 30. Bf1 Bxf1 31. Kxf1 Qe5 32. Qd7 b4 33. Rd5 Qa1+ 34. Kg2 Rg8
35. Rd1 Qc3 36. Qxc7 b3 37. Qb6 Qc2 38. Rd7 b2 39. Rb7 b1=Q 40. Qxb1 Qxc5 41.
Rb5 Qc8 42. Rb6 Qc4 43. Qb2 Kh7 44. Rb7 Qd5 45. Re7 Qd1 46. Kh2 Qg4 47. Rf7 Qf3
48. Rc7 Qg4 49. Kg1 Qf3 50. Qc3 Qd1+ 51. Kh2 Qe2 52. Qc2 Qf3 53. Qb2 Qg4 1/2-1/2

[Event "FIDE World Blitz 2014"]
[Site "Dubai UAE"]
[Date "2014.06.19"]
[Round "6.40"]
[White "Inarkiev, Ernesto"]
[Black "Vahidov, Tair"]
[Result "0-1"]
[WhiteTitle "GM"]
[BlackTitle "GM"]
[WhiteElo "2682"]
[BlackElo "2446"]
[WhiteFideId "4162722"]
[BlackFideId "14200155"]
[EventDate "2014.06.19"]

1. e4 e5 2. Nf3 Nf6 3. Nxe5 d6 4. Nf3 Nxe4 5. d4 d5 6. Bd3 Bd6 7. O-O O-O 8. c4
c6 9. Re1 Bf5 10. Nc3 Nxc3 11. bxc3 Bxd3 12. Qxd3 dxc4 13. Qxc4 Nd7 14. Bg5 Qc7
15. Re4 Rae8 16. Rae1 Rxe4 17. Rxe4 Nb6 18. Qd3 h6 19. Bd2 c5 20. g3 c4 21. Qe2
Nd5 22. Nh4 Qc8 23. Qf3 Nf6 24. Re1 Qc6 25. Qf5 Re8 26. Rxe8+ Qxe8 27. Qa5 a6
28. Nf5 Bf8 29. Qb6 Qe6 30. Qxe6 fxe6 31. Ne3 b5 32. f4 Nd5 33. Kf2 Kf7 34. Kf3
Ba3 35. Ke4 Nf6+ 36. Ke5 Nd7+ 37. Ke4 Nf6+ 38. Ke5 Nd7+ 39. Ke4 Nf6+ 40. Kf3 Nd5
41. g4 Bb2 42. Nd1 Ba3 43. h3 Bd6 44. h4 h5 45. gxh5 a5 46. Ne3 Kf6 47. Ng4+ Kf7
48. h6 gxh6 49. Nxh6+ Kg6 50. Ng4 b4 51. cxb4 axb4 52. Ne3 c3 53. Nxd5 exd5 54.
Be3 Kf5 55. h5 Bf8 56. Bc1 Bh6 57. Be3 Bg7 58. Ke2 Ke4 59. Bc1 Bh8 0-1

[Event "FIDE World Blitz 2014"]
[Site "Dubai UAE"]
[Date "2014.06.19"]
[Round "6.41"]
[White "Georgiev, Kiril"]
[Black "Al Qudaimi, Basheer"]
[Result "1-0"]
[WhiteTitle "GM"]
[BlackTitle "IM"]
[WhiteElo "2644"]
[BlackElo "2396"]
[WhiteFideId "2900017"]
[BlackFideId "9400346"]
[EventDate "2014.06.19"]

1. d4 d5 2. Bf4 Nf6 3. e3 c6 4. c4 Bf5 5. Nc3 e6 6. Qb3 b6 7. Nf3 Bd6 8. Bg3 O-O
9. Be2 Ne4 10. Nxe4 Bxe4 11. O-O Bxg3 12. hxg3 Nd7 13. Nd2 Bg6 14. cxd5 cxd5 15.
Ba6 Nf6 16. Rfc1 Ng4 17. Be2 h5 18. Rc3 Qf6 19. Bf3 Qg5 20. Qd1 f5 21. Qe2 Rf7
22. Rac1 Raf8 23. Rc6 Rf6 24. Nf1 h4 25. gxh4 Qxh4 26. g3 Qg5 27. Bg2 Be8 28.
Rc7 Bh5 29. f3 Nh6 30. Rxa7 Rg6 31. Rcc7 Re8 32. Rab7 e5 33. dxe5 Rxe5 34. Qf2
Re8 35. Rd7 Rc8 36. Rbc7 Rxc7 37. Rxc7 Qd8 38. Qc2 Kh7 39. Rc6 d4 40. Rxg6 Bxg6
41. Qd2 d3 42. Nh2 Bf7 43. b3 g5 44. Bf1 f4 45. Qxd3+ Qxd3 46. Bxd3+ Kg7 47.
gxf4 gxf4 48. exf4 Ng4 49. Nxg4 1-0

[Event "FIDE World Blitz 2014"]
[Site "Dubai UAE"]
[Date "2014.06.19"]
[Round "6.43"]
[White "Shyam, Sundar M."]
[Black "Kryvoruchko, Yuriy"]
[Result "1-0"]
[WhiteTitle "GM"]
[BlackTitle "GM"]
[WhiteElo "2468"]
[BlackElo "2707"]
[WhiteFideId "5019141"]
[BlackFideId "14109182"]
[EventDate "2014.06.19"]

1. e4 e5 2. f4 d5 3. exd5 exf4 4. Nf3 Nf6 5. Nc3 Nxd5 6. Bc4 Be6 7. Bb3 c5 8.
O-O Nc6 9. Re1 Be7 10. d3 O-O 11. Nxd5 Bxd5 12. Bxf4 Bf6 13. Rb1 Qd7 14. Bxd5
Qxd5 15. a3 Rfe8 16. Rxe8+ Rxe8 17. Qd2 Nd4 18. Nxd4 Bxd4+ 19. Kh1 h6 20. h3 Qe6
21. c3 Bf6 22. Rf1 Qd5 23. Bxh6 Rd8 24. Be3 b6 25. Rd1 Re8 26. Re1 Rd8 27. Rd1
Re8 28. Re1 Rd8 29. Rd1 Re8 30. Re1 Rd8 31. Rd1 Qf5 32. Qf2 Qh5 33. Qf3 Qg6 34.
Bf2 Qg5 35. Be3 Qg6 36. Bf2 Qg5 37. Be3 Qg6 38. Bf2 Qg5 39. Be3 Qe5 40. Bf2 Qg5
41. Be3 Qe5 42. Bf2 Qg5 43. Be3 Qe5 44. d4 cxd4 45. Bxd4 Qd6 46. Rd2 Re8 47. Re2
Rxe2 48. Qxe2 Bxd4 49. Qe8+ Kh7 50. Qe4+ g6 51. cxd4 Qf6 52. Kh2 Qf2 53. b4 Kg7
54. Qe5+ f6 55. Qe7+ Kh6 56. Qe4 f5 57. Qe5 f4 58. Qh8+ Kg5 59. Qe5+ Kh6 60. d5
Qd2 61. Qh8+ Kg5 62. Qe5+ Kh6 63. Qh8+ Kg5 64. Qe5+ Kh6 65. Qe4 Kg5 66. b5 Kh6
67. a4 Kg5 68. Qe5+ Kh6 69. Qe4 Kg5 70. Qe7+ Kh6 71. d6 f3 72. Qf8+ Kg5 73. Qxf3
Qxd6+ 74. Qg3+ Qxg3+ 75. Kxg3 Kf5 76. Kf3 Ke5 77. Kg4 Kd5 78. Kg5 Kc4 79. Kxg6
Kb4 80. h4 Kxa4 81. h5 Kxb5 82. h6 1-0

[Event "FIDE World Blitz 2014"]
[Site "Dubai UAE"]
[Date "2014.06.19"]
[Round "6.44"]
[White "Al-Sayed, Mohammed"]
[Black "Ganguly, Surya Shekhar"]
[Result "1-0"]
[WhiteTitle "GM"]
[BlackTitle "GM"]
[WhiteElo "2505"]
[BlackElo "2619"]
[WhiteFideId "12100196"]
[BlackFideId "5002150"]
[EventDate "2014.06.19"]

1. d4 Nf6 2. Nf3 g6 3. Bg5 Bg7 4. Nbd2 O-O 5. c3 d6 6. Bxf6 Bxf6 7. h4 h5 8. e3
c5 9. dxc5 d5 10. Bd3 Nd7 11. Nb3 Qc7 12. e4 dxe4 13. Bxe4 Nxc5 14. Nxc5 Qxc5
15. O-O Bg4 16. g3 Bg7 17. Qb3 Rad8 18. Rad1 b6 19. Rxd8 Rxd8 20. Rd1 Rxd1+ 21.
Qxd1 Bf6 22. Qd3 Kg7 23. Kg2 Be6 24. a3 Bc4 25. Qd7 a5 26. Qd2 Ba6 27. Ng5 Qc4
28. Bd5 Qf1+ 29. Kh2 e6 30. Bxe6 Be2 31. Qf4 fxe6 32. Qc7+ 1-0

[Event "FIDE World Blitz 2014"]
[Site "Dubai UAE"]
[Date "2014.06.19"]
[Round "6.46"]
[White "Hilwani, Talal"]
[Black "Moiseenko, Alexander"]
[Result "0-1"]
[BlackTitle "GM"]
[WhiteElo "2274"]
[BlackElo "2707"]
[WhiteFideId "7600410"]
[BlackFideId "14102560"]
[EventDate "2014.06.19"]

1. Nf3 Nf6 2. c4 e6 3. g3 d5 4. b3 d4 5. e3 c5 6. Bg2 Nc6 7. O-O Bd6 8. exd4
cxd4 9. d3 O-O 10. Re1 h6 11. Ba3 e5 12. Bxd6 Qxd6 13. a3 a5 14. Nbd2 Bf5 15.
Qc2 Nd7 16. Ne4 Bxe4 17. Rxe4 Nc5 18. Ree1 f5 19. Nd2 Rae8 20. Rab1 Nd7 21. Qb2
e4 22. dxe4 Nde5 23. c5 Qxc5 24. b4 Qc3 25. Bf1 Qxd2 26. Qb3+ Kh8 27. exf5 Nf3+
28. Qxf3 Rxe1 29. Rxe1 Qxe1 30. Kg2 axb4 31. axb4 Qe5 32. g4 Nxb4 33. h3 Qd5 0-1

[Event "FIDE World Blitz 2014"]
[Site "Dubai UAE"]
[Date "2014.06.19"]
[Round "6.47"]
[White "Ipatov, Alexander"]
[Black "Sandipan, Chanda"]
[Result "1-0"]
[WhiteTitle "GM"]
[BlackTitle "GM"]
[WhiteElo "2613"]
[BlackElo "2594"]
[WhiteFideId "14116731"]
[BlackFideId "5004225"]
[EventDate "2014.06.19"]

1. c4 f5 2. d4 Nf6 3. Nc3 e6 4. g3 g6 5. Bg2 Bg7 6. Nf3 d6 7. O-O O-O 8. Qc2 Nc6
9. Rd1 Qe7 10. e3 e5 11. Nd5 Nxd5 12. cxd5 Nd8 13. dxe5 dxe5 14. b3 Nf7 15. Bb2
Nd6 16. Rac1 Rf7 17. Qc3 e4 18. Nd4 Nb5 19. Qd2 Nxd4 20. Bxd4 b6 21. Bf1 Bb7 22.
d6 Qxd6 23. Bc4 Rd8 24. Bxf7+ Kxf7 25. Bxg7 Qxd2 26. Rxd2 Rxd2 27. Rxc7+ Ke6 28.
Rxb7 Rxa2 29. Bd4 h5 30. h4 Ra3 31. b4 Ra4 32. Rg7 Kd5 33. b5 Kc4 34. Rxg6 Kxb5
35. Rg5 Kc4 36. Rxh5 b5 37. Rxf5 b4 38. Rc5+ Kd3 39. h5 Ra6 40. g4 Rh6 41. Ra5 1-0

[Event "FIDE World Blitz 2014"]
[Site "Dubai UAE"]
[Date "2014.06.19"]
[Round "6.48"]
[White "Sokolov, Ivan"]
[Black "Matlakov, Maxim"]
[Result "0-1"]
[WhiteTitle "GM"]
[BlackTitle "GM"]
[WhiteElo "2650"]
[BlackElo "2689"]
[WhiteFideId "14400030"]
[BlackFideId "4168003"]
[EventDate "2014.06.19"]

1. d4 d5 2. Nf3 Nf6 3. Bf4 c5 4. dxc5 e6 5. e3 Bxc5 6. Bd3 Nc6 7. Nbd2 Qe7 8.
Bg5 h6 9. Bh4 g5 10. Bg3 e5 11. e4 dxe4 12. Nxe4 Nxe4 13. Bxe4 f6 14. h4 g4 15.
Bg6+ Kf8 16. Nd2 h5 17. Bd3 Be6 18. a3 Kg7 19. O-O Rad8 20. Re1 Bb6 21. Ne4 Rhf8
22. Qc1 Bd5 23. c3 Bc7 24. c4 Bf7 25. Qc3 Nd4 26. Rad1 Bg6 27. b4 Bxe4 28. Bxe4
Ne2+ 29. Rxe2 Rxd1+ 30. Kh2 f5 31. Bc2 Rc1 32. Rxe5 Bxe5 33. Bxe5+ Kg6 34. Bg3
Qe1 35. Qxe1 Rxe1 36. Bd6 Rfe8 37. c5 Rc1 38. Ba4 Re2 39. Kg3 Rc3+ 40. f3 Rxa3
41. Bd7 gxf3 42. gxf3 Ree3 43. Kg2 Rxf3 44. Be8+ Kf6 45. Bxh5 Rfd3 46. Be2 Rd2
47. Kf1 Ra1+ 0-1

[Event "FIDE World Blitz 2014"]
[Site "Dubai UAE"]
[Date "2014.06.19"]
[Round "6.49"]
[White "Durarbayli, Vasif"]
[Black "Othman, A. Moussa"]
[Result "1-0"]
[WhiteTitle "GM"]
[BlackTitle "FM"]
[WhiteElo "2590"]
[BlackElo "2275"]
[WhiteFideId "13402935"]
[BlackFideId "9300155"]
[EventDate "2014.06.19"]

1. e4 d6 2. d4 g6 3. Nc3 Bg7 4. Be3 Nc6 5. Qd2 e5 6. dxe5 Nxe5 7. h3 Nf6 8. f4
Nc6 9. O-O-O O-O 10. Nf3 Re8 11. e5 dxe5 12. Qxd8 Rxd8 13. Rxd8+ Nxd8 14. Nxe5
Be6 15. Be2 Nd5 16. Nxd5 Bxd5 17. Bf3 Bxf3 18. Nxf3 Nc6 19. Re1 Re8 20. c3 f5
21. Kc2 Bf6 22. Bf2 Rxe1 23. Nxe1 Kf7 24. Nd3 Be7 25. b4 a6 26. a4 Bd6 27. Kb3
b5 28. c4 bxc4+ 29. Kxc4 Ke6 30. Bc5 Ne7 31. Bxd6 cxd6 32. b5 axb5+ 33. axb5 Nd5
34. Kd4 h6 35. h4 Nf6 36. Nb4 Nh5 37. Nd5 Kd7 38. Kc4 Ng3 39. Kb4 Ne4 40. Ka5
Nc5 41. Kb6 Na4+ 42. Ka5 Nc5 43. Kb4 Nd3+ 44. Ka4 Ne1 45. Ka5 Nd3 46. b6 Nc5 47.
Kb5 Ne6 48. b7 Nc7+ 49. Ka5 Nxd5 50. b8=Q Nxf4 51. g3 Ne6 52. Qh8 Ke7 53. Qxh6
Kf6 54. h5 1-0

[Event "FIDE World Blitz 2014"]
[Site "Dubai UAE"]
[Date "2014.06.19"]
[Round "6.51"]
[White "Nezad, Husein Aziz"]
[Black "Al-Modiahki, Mohamad"]
[Result "0-1"]
[WhiteTitle "IM"]
[BlackTitle "GM"]
[WhiteElo "2365"]
[BlackElo "2549"]
[WhiteFideId "12100293"]
[BlackFideId "12100030"]
[EventDate "2014.06.19"]

1. e4 c5 2. Nf3 Nc6 3. Bb5 g6 4. Bxc6 bxc6 5. O-O Bg7 6. Re1 Nh6 7. c3 f6 8. d4
cxd4 9. cxd4 Nf7 10. Nc3 O-O 11. b3 d6 12. Bb2 Bd7 13. Qc2 Qa5 14. Rad1 Rac8 15.
Nd2 Qh5 16. Ne2 g5 17. Ng3 Qg6 18. Nf5 Rfe8 19. Nxg7 Kxg7 20. Nc4 g4 21. Ne3 Ng5
22. Nf5+ Kf8 23. Ng3 h5 24. Nf5 d5 25. Nh4 Qh7 26. Ba3 Nxe4 27. Qc1 Kf7 28. Qf4
Qg7 29. g3 Qg5 30. Ng2 Qxf4 31. Nxf4 Ng5 32. Kg2 h4 33. gxh4 Nf3 34. Re2 Nxh4+
35. Kf1 e5 36. dxe5 fxe5 37. Nd3 Nf3 38. Bc5 Bf5 39. Nb4 Rh8 40. Re3 Rxh2 41.
Ke2 a5 42. Nd3 Re8 43. Ne1 d4 44. Nxf3 gxf3+ 45. Rxf3 Ke6 46. Rg3 Kd5 47. Bb6
Rf8 48. Rg5 Ke6 49. Bc7 Rf7 50. Bb8 Kf6 51. Rdg1 Ke6 52. Rd1 Rf8 53. Rc1 Rxb8
54. Rxc6+ Kd5 55. Rc7 Rf8 56. Re7 Be6 57. Ra7 Rfxf2+ 58. Ke1 Rxa2 0-1

[Event "FIDE World Blitz 2014"]
[Site "Dubai UAE"]
[Date "2014.06.19"]
[Round "7.3"]
[White "Svidler, Peter"]
[Black "Lu, Shanglei"]
[Result "0-1"]
[WhiteTitle "GM"]
[BlackTitle "GM"]
[WhiteElo "2753"]
[BlackElo "2546"]
[WhiteFideId "4102142"]
[BlackFideId "8603332"]
[EventDate "2014.06.19"]

1. c4 f5 2. Nf3 Nf6 3. g3 g6 4. Bg2 Bg7 5. O-O d6 6. d4 O-O 7. Nc3 c6 8. Rb1 Na6
9. Qb3 h6 10. Rd1 Kh7 11. Qa3 Be6 12. d5 cxd5 13. cxd5 Bg8 14. Be3 Qd7 15. b4
Nc7 16. Qb3 Rfc8 17. h3 Nb5 18. Nxb5 Qxb5 19. Nd4 Qc4 20. Ne6 Qxb3 21. axb3 Bh8
22. Rbc1 b6 23. b5 Nd7 24. b4 Bb2 25. Rc6 Ne5 26. Rb1 Nxc6 27. bxc6 Bf6 28. b5
a6 29. Bxb6 axb5 30. Rxb5 Ra1+ 31. Kh2 Ra2 32. Bf3 Bxe6 33. dxe6 Rc2 34. g4 fxg4
35. hxg4 Kg7 36. Kg2 g5 37. e3 R2xc6 38. Bxc6 Rxc6 39. Kf3 d5 40. Ba5 d4 41.
exd4 Bxd4 42. Ke4 Bxf2 43. Kd5 Rd6+ 44. Ke5 Bd4+ 45. Kf5 Bf6 46. Bb4 Rd4 0-1

[Event "FIDE World Blitz 2014"]
[Site "Dubai UAE"]
[Date "2014.06.19"]
[Round "7.6"]
[White "Fressinet, Laurent"]
[Black "Cheparinov, Ivan"]
[Result "1-0"]
[WhiteTitle "GM"]
[BlackTitle "GM"]
[WhiteElo "2717"]
[BlackElo "2682"]
[WhiteFideId "608742"]
[BlackFideId "2905540"]
[EventDate "2014.06.19"]

1. e4 c5 2. Nf3 d6 3. Bb5+ Nd7 4. d4 cxd4 5. Qxd4 a6 6. Be2 Ngf6 7. O-O g6 8.
Nc3 Bg7 9. Rd1 O-O 10. e5 Nh5 11. Qh4 dxe5 12. Bg5 f6 13. Be3 e6 14. Rd6 Kh8 15.
Rad1 Qe7 16. Bc4 Nf4 17. Bxf4 exf4 18. Qxf4 e5 19. Qe3 b5 20. Be6 Nb8 21. Bxc8
Rxc8 22. Qe4 Ra7 23. Qd5 Re8 24. Ne4 Rc7 25. c3 Rcc8 26. h4 Rf8 27. h5 f5 28.
Re6 Qd8 29. Nd6 e4 30. Ne5 Qc7 31. hxg6 1-0

[Event "FIDE World Blitz 2014"]
[Site "Dubai UAE"]
[Date "2014.06.19"]
[Round "7.8"]
[White "Meier, Georg"]
[Black "Vitiugov, Nikita"]
[Result "1-0"]
[WhiteTitle "GM"]
[BlackTitle "GM"]
[WhiteElo "2632"]
[BlackElo "2742"]
[WhiteFideId "4675789"]
[BlackFideId "4152956"]
[EventDate "2014.06.19"]

1. Nf3 c5 2. c4 Nc6 3. Nc3 Nf6 4. g3 d6 5. Bg2 g6 6. d4 cxd4 7. Nxd4 Bd7 8. b3
Bg7 9. Bb2 Qc8 10. Rc1 Bh3 11. Bf3 Ne5 12. Bd5 O-O 13. Rg1 Neg4 14. Qd2 Bh6 15.
e3 Ne5 16. Bh1 Bg4 17. f3 Bd7 18. g4 Bg7 19. g5 Ne8 20. f4 Nc6 21. Nd5 Qd8 22.
h4 Nc7 23. h5 Nxd5 24. Bxd5 Nxd4 25. Bxd4 Bxd4 26. Qxd4 Qa5+ 27. Qd2 Qxd2+ 28.
Kxd2 Bc6 29. Rh1 Rac8 30. e4 e6 31. Bxc6 Rxc6 32. hxg6 fxg6 33. Ke3 Rf7 34. Rcd1
a6 35. Rd4 b5 36. Rhd1 bxc4 37. Rxc4 Rfc7 38. Rxd6 Rxc4 39. bxc4 Rxc4 40. Rxa6
e5 41. fxe5 Rc1 42. e6 Kf8 43. Ra7 Rc5 44. Kf4 Rc2 45. Ke5 Rg2 46. a4 1-0

[Event "FIDE World Blitz 2014"]
[Site "Dubai UAE"]
[Date "2014.06.19"]
[Round "7.10"]
[White "Caruana, Fabiano"]
[Black "Anand, Viswanathan"]
[Result "1/2-1/2"]
[WhiteTitle "GM"]
[BlackTitle "GM"]
[WhiteElo "2791"]
[BlackElo "2785"]
[WhiteFideId "2020009"]
[BlackFideId "5000017"]
[EventDate "2014.06.19"]

1. Nf3 d5 2. g3 g6 3. Bg2 Bg7 4. O-O c6 5. d3 Nf6 6. Nbd2 O-O 7. e4 Bg4 8. h3
Bxf3 9. Qxf3 a5 10. a4 Na6 11. Qe2 dxe4 12. dxe4 Nc5 13. Nc4 Nfd7 14. e5 Qc7 15.
Re1 e6 16. Bd2 Rfd8 17. b3 b6 18. Rad1 h6 19. h4 Na6 20. h5 g5 21. f4 gxf4 22.
Bxf4 Nb4 23. Nd6 Nd5 24. c4 Nxf4 25. gxf4 Nc5 26. Qg4 Kh8 27. Qf3 Rf8 28. f5 f6
29. fxe6 fxe5 30. Nf7+ Kg8 31. Qg4 Nxe6 32. Nxh6+ Kh8 33. Nf5 Bf6 34. Qg6 Nf4
35. Qh6+ Qh7 36. Qxh7+ Kxh7 37. Rd7+ Kh8 38. Bxc6 Rad8 39. Red1 Ne2+ 40. Kh2 Nd4
41. Nxd4 Rxd7 42. Bxd7 exd4 43. Kh3 Rd8 44. Bf5 Re8 45. Kg4 Re3 46. Bd3 Kg7 47.
Kf4 Rh3 48. Rg1+ Kf8 49. Rg6 Ke7 50. Be2 d3 51. Bg4 Rh1 52. Rh6 Rf1+ 53. Ke4 d2
54. Rh7+ Ke8 55. Rh6 Ke7 56. Rh7+ Ke8 57. Rh6 Ke7 58. Rh7+ 1/2-1/2

[Event "FIDE World Blitz 2014"]
[Site "Dubai UAE"]
[Date "2014.06.19"]
[Round "7.13"]
[White "Guseinov, Gadir"]
[Black "Bacrot, Etienne"]
[Result "0-1"]
[WhiteTitle "GM"]
[BlackTitle "GM"]
[WhiteElo "2613"]
[BlackElo "2720"]
[WhiteFideId "13401378"]
[BlackFideId "605506"]
[EventDate "2014.06.19"]

1. e4 Nc6 2. Nf3 d5 3. exd5 Qxd5 4. Nc3 Qa5 5. d4 Bg4 6. Bb5 O-O-O 7. Bxc6 bxc6
8. h3 Qh5 9. Qe2 Bxf3 10. gxf3 Kb7 11. Be3 e6 12. O-O-O Nf6 13. Rd3 Rb8 14. Rg1
h6 15. Bf4 Qf5 16. Be5 Bd6 17. Bxd6 cxd6 18. Rxg7 Nh5 19. Rg4 Nf4 20. Rxf4 Qxf4+
21. Kb1 Rhg8 22. Rd1 Ka8 23. a3 Rg2 24. Ne4 Rgg8 25. Rd3 Rb6 26. Rd1 Rgb8 27. b3
Rg8 28. Ka2 Kb8 29. a4 Kc7 30. Nc3 Rg2 31. Rd2 Rg1 32. Qd3 Rg6 33. Rd1 Kd7 34.
Ne4 Ke7 35. Qc3 Rg8 36. Qd3 Qf5 37. Qe3 Qxh3 38. Qc3 Qf5 39. Re1 a5 40. Qe3 h5
41. Kb2 Rbb8 42. Qc3 h4 43. Qxc6 Rbd8 44. Qc7+ Rd7 45. Qc6 h3 46. Rh1 Qxf3 47.
Re1 h2 48. d5 h1=Q 49. dxe6 fxe6 50. Rxh1 Qxh1 51. Qc4 Qh8+ 52. Ka2 Rc8 53. Qd3
Qe5 54. f4 Qxf4 55. Nc3 Qf5 56. Qd2 Rdc7 0-1

[Event "FIDE World Blitz 2014"]
[Site "Dubai UAE"]
[Date "2014.06.19"]
[Round "7.14"]
[White "Yudin, Sergei"]
[Black "Dubov, Daniil"]
[Result "0-1"]
[WhiteTitle "GM"]
[BlackTitle "GM"]
[WhiteElo "2546"]
[BlackElo "2614"]
[WhiteFideId "4159659"]
[BlackFideId "24126055"]
[EventDate "2014.06.19"]

1. e4 c5 2. Nf3 d6 3. c3 Nf6 4. Bd3 g6 5. h3 Bg7 6. O-O O-O 7. Bc2 e5 8. d4 exd4
9. cxd4 Nc6 10. Be3 b6 11. Nc3 Bb7 12. Re1 Na5 13. e5 dxe5 14. dxe5 Nd7 15. Bg5
Bxf3 16. Qc1 Qc8 17. e6 fxe6 18. gxf3 Ne5 19. Be4 Nxf3+ 20. Bxf3 Rxf3 21. Qd1
Rf5 22. Bh4 Nc6 23. Ne4 Nd4 24. Re3 Qc6 25. Bg3 Raf8 26. Qd3 c4 27. Qd1 Qd5 28.
Qg4 Nc2 29. Rae1 Nxe1 30. Rxe1 Bd4 31. Re2 e5 32. Kh2 Qc6 33. h4 h5 34. Qh3 b5
35. Qg2 b4 36. Rc2 c3 37. b3 Kg7 38. Qh1 Rf4 39. Ng5 Rxf2+ 40. Bxf2 Rxf2+ 0-1

[Event "FIDE World Blitz 2014"]
[Site "Dubai UAE"]
[Date "2014.06.19"]
[Round "7.15"]
[White "Onischuk, Vladimir"]
[Black "Tomashevsky, Evgeny"]
[Result "1/2-1/2"]
[WhiteTitle "GM"]
[BlackTitle "GM"]
[WhiteElo "2594"]
[BlackElo "2695"]
[WhiteFideId "14114038"]
[BlackFideId "4147235"]
[EventDate "2014.06.19"]

1. e4 c6 2. d4 d5 3. e5 Bf5 4. h4 h5 5. Bg5 Qb6 6. Bd3 Bxd3 7. Qxd3 Qa6 8. e6
Qxd3 9. exf7+ Kxf7 10. cxd3 Nd7 11. Nf3 e6 12. Nc3 Nh6 13. Kd2 Nf5 14. Rhe1 Bd6
15. Re2 Rhe8 16. Rae1 a5 17. Kc1 a4 18. Bd2 Nf8 19. g3 Nh7 20. a3 b6 21. Kb1 Ra6
22. Bc1 Raa8 23. Rc2 Nf8 24. Ne2 c5 25. dxc5 bxc5 26. Bf4 e5 27. Bg5 Nd7 28. Nc3
Nb6 29. Rce2 Nd4 30. Nxe5+ Kg8 31. Re3 Nf5 32. R3e2 Nd4 33. Re3 Nf5 34. R3e2 Nd4 1/2-1/2

[Event "FIDE World Blitz 2014"]
[Site "Dubai UAE"]
[Date "2014.06.19"]
[Round "7.16"]
[White "Laznicka, Viktor"]
[Black "Karjakin, Sergey"]
[Result "1-0"]
[WhiteTitle "GM"]
[BlackTitle "GM"]
[WhiteElo "2679"]
[BlackElo "2771"]
[WhiteFideId "316385"]
[BlackFideId "14109603"]
[EventDate "2014.06.19"]

1. d4 Nf6 2. c4 e6 3. Nc3 Bb4 4. e3 O-O 5. Bd3 d5 6. Nf3 c5 7. O-O Nc6 8. a3
Bxc3 9. bxc3 Qc7 10. Bb2 dxc4 11. Bxc4 e5 12. Be2 Rd8 13. Qc2 Bg4 14. h3 Bh5 15.
Nxe5 Nxe5 16. dxe5 Bg6 17. Qb3 Ne4 18. c4 Nd2 19. Qc3 Nxf1 20. Rxf1 Rd7 21. f4
Be4 22. f5 Qc6 23. Rf4 Rad8 24. e6 fxe6 25. Rg4 exf5 26. Rxg7+ Kf8 27. Bh5 Rd1+
28. Bxd1 Rxd1+ 29. Kf2 Qh6 30. Rg3 Kf7 31. Qh8 Rd2+ 32. Ke1 Rxg2 33. Qg8+ Ke7
34. Rxg2 Bxg2 35. Qxg2 Qh4+ 36. Kd2 b6 37. Qg7+ Kd6 38. Qe5+ Kd7 39. Qxf5+ Ke8
40. Qe5+ Kd7 41. Qd5+ Ke7 42. Qe5+ Kd7 43. Qg7+ Ke6 44. Qg4+ 1-0

[Event "FIDE World Blitz 2014"]
[Site "Dubai UAE"]
[Date "2014.06.19"]
[Round "7.18"]
[White "Andriasian, Zaven"]
[Black "Movsesian, Sergei"]
[Result "1/2-1/2"]
[WhiteTitle "GM"]
[BlackTitle "GM"]
[WhiteElo "2611"]
[BlackElo "2672"]
[WhiteFideId "13302000"]
[BlackFideId "310204"]
[EventDate "2014.06.19"]

1. e4 d6 2. d4 Nf6 3. Nc3 e5 4. Nf3 Nbd7 5. Bc4 Be7 6. O-O O-O 7. Re1 a6 8. a4
b6 9. d5 h6 10. b3 Nh7 11. Be3 Ng5 12. Nd2 Nf6 13. f3 Ne8 14. Bd3 Nh7 15. Nf1
Bh4 16. Ng3 Kh8 17. Rf1 Bg5 18. Bf2 g6 19. Nge2 f5 20. exf5 gxf5 21. f4 Bf6 22.
Qd2 Ng7 23. Rae1 Bd7 24. Kh1 Qe8 25. Ng3 Qg6 26. Be3 h5 27. fxe5 dxe5 28. Bh6 h4
29. Nxf5 Nxf5 30. Bxf8 Rxf8 31. Ne4 Bg7 32. Rf3 Qh5 33. Ref1 a5 34. Be2 Qg6 35.
Bd3 Qh5 36. Be2 Qe8 37. Bd3 Bh6 38. Qc3 h3 39. Rxh3 Nd4 40. Rxh6 Rxf1+ 41. Bxf1
Qf8 42. Rxh7+ Kxh7 43. Ng3 Qd6 44. Qe3 Qxd5 45. Bd3+ Kg7 46. Qg5+ Kf8 47. Qd8+
Kg7 48. Nh5+ Kh6 49. Qf6+ Kxh5 50. Qg6+ Kh4 51. Qg3+ Kh5 52. Qg6+ Kh4 53. Qg3+
Kh5 54. Qg6+ 1/2-1/2

[Event "FIDE World Blitz 2014"]
[Site "Dubai UAE"]
[Date "2014.06.19"]
[Round "7.19"]
[White "Tkachiev, Vladislav"]
[Black "Michalik, Peter"]
[Result "0-1"]
[WhiteTitle "GM"]
[BlackTitle "GM"]
[WhiteElo "2625"]
[BlackElo "2557"]
[WhiteFideId "618438"]
[BlackFideId "14907526"]
[EventDate "2014.06.19"]

1. d4 d5 2. c4 c6 3. Nf3 Nf6 4. Nc3 e6 5. g3 Nbd7 6. Bg2 Be7 7. O-O O-O 8. b3 b6
9. Nd2 Bb7 10. e4 dxe4 11. Ndxe4 Nxe4 12. Nxe4 Nf6 13. Be3 Qd7 14. Qe2 Nxe4 15.
Bxe4 c5 16. d5 exd5 17. cxd5 Bf6 18. Rad1 Rfe8 19. Qd3 g6 20. Bg2 Qd6 21. Rfe1
Rad8 22. Bf4 Be5 23. Rxe5 Rxe5 24. Qc3 Rde8 25. h4 Bc8 26. Kh2 f6 27. Re1 Kg7
28. Bf3 h6 29. Kg2 g5 30. hxg5 hxg5 31. Bxe5 Rxe5 32. Rxe5 Qxe5 33. Qc4 f5 34.
Qc1 Kg6 35. Qd2 g4 36. Be2 Bb7 37. Bc4 a6 38. a4 b5 39. axb5 axb5 40. Bxb5 Bxd5+
41. Kf1 Qa1+ 42. Ke2 Bf3+ 43. Kd3 Be4+ 44. Ke3 Qe5 45. Qd8 Bc6+ 46. Kd2 Bxb5 47.
Qg8+ Qg7 48. Qe6+ Qf6 49. Qd5 Qd4+ 0-1